| 000 | 00420cam a2200169ua 4500 | ||
|---|---|---|---|
| 999 |
_c30 _d30 |
||
| 082 |
_a658.3 _bRAV/MA |
||
| 100 |
_aRavishankar, S . _93243 |
||
| 245 | 0 | 0 | _aManagement of human resources in public enterprises / |
| 250 | _a1 / | ||
| 260 |
_a : _bViswas Book Pvt Ltd , _c1985. |
||
| 300 | _a304 ; . | ||
| 650 |
_aHuman resource management _93244 |
||
| 700 | 1 |
_aMishra, R K . _93245 |
|
| 942 | _cBK | ||
| 003 | @ | ||
| 003 | OSt | ||